Lázaro Cárdenas, Presidente de la República Mexicana (Record no. 113790)

MARC details
000 -LEADER
campo de control de longitud fija 00603nam a2200181 4500
001 - NÚMERO DE CONTROL
campo de control 113790
003 - IDENTIFICADOR DE NÚMERO DE CONTROL
campo de control ES-MaACL
005 - FECHA Y HORA DE LA ÚLTIMA TRANSACCIÓN
campo de control 20250907063101.0
007 - CAMPO FIJO DE DESCRIPCIÓN FÍSICA--INFORMACIÓN GENERAL
campo de control de longitud fija t|
008 - DATOS DE LONGITUD FIJA--INFORMACIÓN GENERAL
campo de control de longitud fija 061121s1935 mx r ||||1| spa d
100 1# - ENTRADA PRINCIPAL--NOMBRE DE PERSONA
Nombre de persona Cárdenas, Lázaro,
Fechas asociadas al nombre 1895-1970
9 (RLIN) 153837
245 10 - MENCIÓN DEL TÍTULO
Título Lázaro Cárdenas, Presidente de la República Mexicana
Resto del título : entrevistado por el Lic. Senador Ezequiel Padilla.
260 ## - PUBLICACIÓN, DISTRIBUCIÓN, ETC.
Lugar de publicación, distribución, etc. México :
Nombre del editor, distribuidor, etc. Secretaría de Relaciones Exteriores,
Fecha de publicación, distribución, etc. 1935.
300 ## - DESCRIPCIÓN FÍSICA
Extensión 17 p. ;
Dimensiones 23 cm.
700 1# - ENTRADA AGREGADA--NOMBRE PERSONAL
Nombre de persona Padilla , Ezequiel.
9 (RLIN) 217563
852 ## - LOCALIZACIÓN
Ubicación ES-MaACL
Número de control de estantería 1818-F-17
Holdings
Estatus retirado Estado de pérdida Estado de daño No para préstamo Colección Biblioteca de origen Biblioteca actual Ubicación en estantería Fecha de adquisición Fuente de adquisición Total de préstamos Signatura topográfica completa Código de barras Visto por última vez Precio de reemplazo Tipo de ítem Koha
        Colección de folletos Biblioteca del Ateneo de Madrid Biblioteca del Ateneo de Madrid Depósito folletos 17/01/2008     1818-F-17 1118673 23/02/2023 23/02/2023 Folleto